Catalog

Record Details

Catalog Search



Available copies

  • 1 of 1 copy available at LARL/NWRL Consortium.

Current holds

0 current holds with 1 total copy.

Show Only Available Copies
Location Call Number / Copy Notes Barcode Shelving Location Status Due Date
Roseau Public Library e NAK (Text) 35500006179590 Main Available -

Record details

  • ISBN: 9781534430389
  • ISBN: 1534430385
  • ISBN: 9781534430372
  • ISBN: 1534430377
  • Physical Description: 32 unnumbered pages : color illustrations ; 24 cm.
  • Edition: Simon Spotlight edition.
  • Publisher: New York : Simon Spotlight, 2019.

Content descriptions

General Note:
"Based on the television series created by Craig Bartlett."
Summary, etc.:
The Pteranodon family takes a trip on the Dinosaur ... Read More
Subject: Dinosaurs > Fiction.
Caving > Fiction.
Railroad stories.
LDR 01546cam a2200409Ii 4500
001319123
003LARL_NWRL_CONSORTIUM
00520190517165608.0
008190507s2019 nyua j 000 1 eng d
040 . ‡aNjBwBT ‡beng ‡cOQX ‡erda ‡dOCLCO ‡dFM0 ‡dTH8 ‡dIFK
020 . ‡a9781534430389 ‡q(hardcover)
020 . ‡a1534430385 ‡q(hardcover)
020 . ‡a9781534430372 ‡q(paperback)
020 . ‡a1534430377 ‡q(paperback)
035 . ‡a(OCoLC)1100422565
08204. ‡a[E] ‡223
1001 . ‡aNakamura, May, ‡eauthor.
24510. ‡aDinosaurs explore! / ‡cadapted by May Nakamura.
2461 . ‡iAt head of title: ‡aJim Henson's Dinosaur train
250 . ‡aSimon Spotlight edition.
264 1. ‡aNew York : ‡bSimon Spotlight, ‡c2019.
300 . ‡a32 unnumbered pages : ‡bcolor illustrations ; ‡c24 cm.
336 . ‡atext ‡2rdacontent
336 . ‡astill image ‡2rdacontent
337 . ‡aunmediated ‡2rdamedia
338 . ‡avolume ‡2rdacarrier
4900 . ‡aDinosaur train
4900 . ‡aReady-to-read. Ready to go!
500 . ‡a"Based on the television series created by Craig Bartlett."
520 . ‡aThe Pteranodon family takes a trip on the Dinosaur Train deep inside the Earth, where they explore the rocks and wildlife they find there.
650 0. ‡aDinosaurs ‡vFiction. ‡0(LARL_NWRL_CONSORTIUM)164606
650 0. ‡aCaving ‡vFiction.
650 0. ‡aRailroad stories. ‡0(LARL_NWRL_CONSORTIUM)29349
7300 . ‡iAdaptation of (expression): ‡aDinosaur train (Television program)
901 . ‡a319123 ‡b ‡c319123 ‡tbiblio

Additional Resources